We shall not be moved : (Registro nro. 9308)

Detalles MARC
000 -LIDER
fixed length control field 00892nam a22002417a 4500
001 - NÚMERO DE CONTROL
Identificador de número de control 240023
003 - IDENTIFICACDOR DE NÚMERO DE CONTROL
control field DO-SdBNP
005 - DATE AND TIME OF LATEST TRANSACTION
control field 20160318110320.0
007 - CAMPOS FIJOS DE DESCRIPCIÓN FÍSICA
fixed length control field 240023
008 - ELEMENTOS DE LONGITUD FIJA
fixed length control field 160318b 1996 nyu xxu||||| |||| 00| 0 spa d
020 ## - ISBN
International Standard Book Number 0590484109
040 ## - FUENTE DE CATALOGACIÓN
Agencia que crea de manera original el registro BPMSU
Idioma de catalogación spa
Agencia que realiza la transcripción BPMSU
092 ## - LOCALLY ASSIGNED DEWEY DECIMAL CALL NUMBER
Número de clasificación xxxx
Número de ítem (Cutter) xxxx
100 1# - ASIENTO PRINCIPAL -- NOMBRE PERSONAL
Nombre personal Dash, Joan
245 10 - MENCIÓN DE TITULO
Título We shall not be moved :
Subtítulo the women's factory strike of 1909 /
Mención de responsabilidad Joan Dash.
260 ## - PUBLICACIÓN, DISTRIBUCIÓN, ETC. (PIE DE IMPRENTA)
Lugar de publicación, distribución, etc New York :
Nombre del editor, distribuidor, etc. Scholastic,
Fecha de publicación, distribución, etc 1996.
300 ## - DESCRIPCIÓN FÍSICA
Extensión 165 p. :
Otros detalles físicos il.
Dimensiones 22 cm.
504 ## - NOTA DE BIBLIOGRAFÍA, ETC.
Bibliography, etc Bibliography : p. 153-155
505 #0 - NOTA DE CONTENIDO
Texto normalizado de contenido On the eighth floor --<br/>The homes of the shirtwaist girls --<br/>An alliance is formed --<br/>"If I tune traitor" --<br/>On the streets --<br/>"College girls" --<br/>The mink brigade --<br/>The tombs --<br/>"We will go to jail again and win!" --<br/>The new year --<br/>Triangle settles.
910 ## - VALIDACIÓN
Validación 00260
942 ## - ADDED ENTRY ELEMENTS (KOHA)
Source of classification or shelving scheme Dewey Decimal Classification
Koha item type Libros
956 ## - LOCAL ELECTRONIC LOCATION AND ACCESS (OCLC)
Método de acceso LOPEREZ
Materiales especificados 10
Existencias
Withdrawn status Lost status Source of classification or shelving scheme Damaged status Not for loan Collection code Home library Current library Date acquired Source of acquisition Total Checkouts Barcode Date last seen Copy number Price effective from Koha item type
    Dewey Decimal Classification       Biblioteca Pública Metropolitana Salomé Ureña Biblioteca Pública Metropolitana Salomé Ureña 03/18/2016 FUNDI   BPMET16030188 03/18/2016 Ej. 1 03/18/2016 Libros